| 000 | 01234aam a2200337 i 4500 | ||
|---|---|---|---|
| 001 | 768714001 | ||
| 003 | CO-MdFUSB | ||
| 005 | 20210511124152.0 | ||
| 007 | ta | ||
| 008 | 200521t1956 enk |||| |||| 00| 0 eng d | ||
| 020 | _a[No incluye ISBN] | ||
| 040 |
_bspa. _aCO-MdFUSB _cCO-MdFUSB _dCO-MdFUSBC _erda |
||
| 041 | _aeng | ||
| 082 |
_223 _a262 _bL926 |
||
| 100 | 1 |
_aLubac, Henri de, _d1896-1991. _eautor |
|
| 245 | 1 | 4 |
_aThe splendour of the church _c/ Henri de Lubac ; traducido por Michael Mason |
| 250 | _aSegunda edición | ||
| 264 | 1 |
_aLondres : _bSheed and Ward, _c[1956] |
|
| 264 | 4 | _c© 1956 | |
| 300 |
_axii, 289 páginas _c; 22 cm |
||
| 336 |
_atexto _btxt _2rdacontent |
||
| 337 |
_2rdamedia _asin mediación _bn |
||
| 338 |
_2rdacarrier _avolumen _bnc |
||
| 505 | _aLa iglesia como misterio - Las dimensiones del misterio - Los dos aspectos de la única iglesia - El corazón de la iglesia - La iglesia en el mundo - El sacramento de Cristo - Ecclesia mater - Nuestras tentaciones relativas a la iglesia - La iglesia y nuestra señora | ||
| 563 | _aRústico | ||
| 650 | 7 |
_9655 _aIglesia |
|
| 700 |
_94299 _aMason, Michael, _etraductor |
||
| 942 | _cBK | ||
| 945 |
_aJTF-925 _bAEM-53 |
||
| 999 |
_c46448 _d46448 |
||